UBT Library

TEXTBOOK PSYCHIATRY (Record no. 32223)

000 -LEADER
fixed length control field 00291nam a22001337a 4500
008 - FIXED-LENGTH DATA ELEMENTS--GENERAL INFORMATION
fixed length control field 171006b xxu||||| |||| 00| 0 eng d
020 ## - INTERNATIONAL STANDARD BOOK NUMBER
International Standard Book Number 0880482516
041 ## - LANGUAGE CODE
Language code of text/sound track or separate title eng
080 ## - UNIVERSAL DECIMAL CLASSIFICATION NUMBER
Universal Decimal Classification number 159.9
100 ## - Rafti
Rafti 49
101 ## - Shkurtesa
Shkurtesa PSI
245 ## - TITLE STATEMENT
Title TEXTBOOK PSYCHIATRY
Statement of responsibility, etc TALBOTT.J.A
942 ## - ADDED ENTRY ELEMENTS (KOHA)
Source of classification or shelving scheme
Item type Books
Holdings
Withdrawn status Lost status Source of classification or shelving scheme Damaged status Not for loan Collection code Permanent location Current location Shelving location Date acquired Total Checkouts Full call number Barcode Date last seen Price effective from Koha item type
          Koleksioni i përgjithshem UBT - Lipjan UBT - Lipjan Koleksioni i përgjithshem 10/06/2017   159.9 TAL 002-2927829 10/06/2017 10/06/2017 Books
UBT Library © 2015-2024. All rights reserved University Education for Business and Technology